Reflections on Asia
| Main Author: | |
|---|---|
| Format: | Book |
| Published: |
Selangor :
Pelanduk Publications ,
2002
|
| Subjects: |
MARC
| LEADER | 00000cam a2200000 7i4500 | ||
|---|---|---|---|
| 001 | 0000014043 | ||
| 005 | 20080218.0 | ||
| 008 | 080218 | ||
| 020 | |a 967978813X | ||
| 090 | 0 | 0 | |a 330.95 |b MAH |
| 100 | 0 | |a Mahathir bin Mohamad | |
| 245 | 1 | 0 | |a Reflections on Asia |c Dr Mahathir bin Mohamad |
| 260 | |a Selangor : |b Pelanduk Publications , |c 2002 | ||
| 650 | 0 | |a Asia |x Economic conditions | |
| 650 | 0 | |a Asia |x Foreign relations | |
| 650 | 0 | |a Asia |x Politics and goverment | |
| 650 | 0 | |a Foreign exchange future |z Asia | |
| 999 | |a 0001011896 |b Book |c Adult Collection |e Perbadanan Perpustakaan Awam Johor | ||